[Event "9. Lichtenberger Sommer 2010"]
[Site "Berlin"]
[Date "2010.08.15"]
[Round "9.69"]
[White "Berg, Gerd"]
[Black "Casny, Guenter"]
[Result "0-1"]
[WhiteElo "1677"]
[BlackElo "1889"]
[PlyCount "44"]
[EventDate "2010.??.??"]
[WhiteTeam "SK König Tegel 1949 e.V."]
[BlackTeam "SC Rochade e.V."]

1. c4 c5 2. Nc3 Nc6 3. g3 Nf6 4. Bg2 g6 5. d3 Bg7 6. Nf3 O-O 7. O-O a6 8. Bd2
Rb8 9. Bf4 d6 10. Qc1 Re8 11. Na4 Bd7 12. Bd2 b5 13. Nc3 Qc8 14. Rd1 Bg4 15.
Ng5 b4 16. Nd5 Bxe2 17. Re1 Bxd3 18. Bh3 Bf5 19. Nf4 Bxh3 20. Ngxh3 e5 21. Nd5
Qxh3 22. Nc7 Ng4 0-1

[Event "9. Lichtenberger Sommer 2010"]
[Site "Berlin"]
[Date "2010.08.15"]
[Round "9.70"]
[White "Lieder, Günter"]
[Black "Stiewe, Frank"]
[Result "1/2-1/2"]
[WhiteElo "1868"]
[BlackElo "1379"]
[PlyCount "242"]
[EventDate "2010.??.??"]
[WhiteTeam "SK Turm Bad Hersfeld"]
[BlackTeam "vereinslos"]

1. e4 e5 2. Nf3 d6 3. Bc4 h6 4. c3 Nf6 5. d3 Bd7 6. Qb3 Qe7 7. Qxb7 Bc6 8. Bb5
Qd7 9. Bxc6 Qxc6 10. Qb3 Be7 11. O-O Nbd7 12. Re1 O-O 13. Qc2 Nc5 14. Nbd2 Ne6
15. Nf1 Nh7 16. Ng3 Bg5 17. Bxg5 Nhxg5 18. Nxg5 hxg5 19. Nf5 Rfe8 20. Qd2 f6
21. d4 exd4 22. cxd4 Nf4 23. d5 Qa4 24. b3 Qd7 25. h4 g6 26. hxg5 fxg5 27. Ng3
Qg4 28. Rac1 Re7 29. Qa5 Nd3 30. Qc3 Nxc1 31. Rxc1 Rh7 32. Qf6 Rg7 33. Rc4 Qd1+
34. Nf1 Rf8 35. Qxg5 Qe1 36. f3 Qb1 37. Qd2 Qa1 38. Rc1 Qe5 39. Kf2 Qxe4 40.
Rc4 Qe7 41. Ra4 Re8 42. Rxa7 Qh4+ 43. g3 Qh5 44. Ra4 g5 45. Rg4 Re5 46. Qd3 Rf7
47. Kg2 Ref5 48. Nh2 Rxf3 49. Rxg5+ Qxg5 50. Nxf3 Qf6 51. a4 Qb2+ 52. Nd2 Rg7
53. a5 Kh8 54. a6 Rg8 55. Kh3 Qa1 56. Kg2 Ra8 57. Qc4 Ra7 58. Qh4+ Kg7 59. Qe7+
Kg6 60. Qe8+ Kg7 61. Qe7+ Kg8 62. Ne4 Qb2+ 63. Kh3 Qh8+ 64. Kg2 Qb2+ 65. Kf1
Qc1+ 66. Ke2 Qc2+ 67. Ke1 Qc1+ 68. Kf2 Qc2+ 69. Kg1 Qc1+ 70. Kh2 Qb2+ 71. Kh3
Qh8+ 72. Kg4 Qg7+ 73. Qxg7+ Kxg7 74. Kf5 Kf7 75. g4 Rxa6 76. g5 Ra5 77. g6+ Kg7
78. Nc3 Rc5 79. Ne4 Rxd5+ 80. Kf4 Kxg6 81. Ke3 Rb5 82. Nd2 Kf5 83. Kd4 c6 84.
Kc4 Ke6 85. Nf3 Rb6 86. Nd4+ Kd7 87. b4 Ra6 88. Nf5 Ra1 89. Nd4 Rc1+ 90. Kb3
Kc7 91. Ne6+ Kb6 92. Kb2 Re1 93. Nd4 Re3 94. Nf5 Rd3 95. Kc2 Rd5 96. Ne3 Rb5
97. Kc3 d5 98. Nc2 Kc7 99. Nd4 Rb8 100. Ne6+ Kb6 101. Nc5 Rd8 102. Ne6 Ra8 103.
Kb3 Ra7 104. Nc5 Kb5 105. Ne6 Kb6 106. Nc5 Re7 107. Ka4 d4 108. Kb3 Re3+ 109.
Kc4 Rc3+ 110. Kxd4 Rxc5 111. bxc5+ Kb5 112. Kd3 Kxc5 113. Kc3 Kb5 114. Kb3 c5
115. Kc3 c4 116. Kc2 Kb4 117. Kb2 c3+ 118. Kc2 Kc4 119. Kc1 Kd3 120. Kd1 c2+
121. Kc1 Kc3 1/2-1/2

[Event "9. Lichtenberger Sommer 2010"]
[Site "Berlin"]
[Date "2010.08.15"]
[Round "9.71"]
[White "Becker, Uwe"]
[Black "Koischwitz, Wanja"]
[Result "0-1"]
[WhiteElo "1801"]
[BlackElo "1773"]
[PlyCount "68"]
[EventDate "2010.??.??"]
[WhiteTeam "SV Glück auf Rüdersdorf e.V."]
[BlackTeam "Queer-Springer SSV Berlin"]

1. Nf3 Nf6 2. d4 d5 3. c4 Nc6 4. Nc3 Bg4 5. e3 e6 6. cxd5 Bxf3 7. Qxf3 exd5 8.
Bb5 Bb4 9. O-O O-O 10. Ne2 Ne7 11. a3 Bd6 12. Bd3 Ng6 13. Bxg6 fxg6 14. Nc3 c6
15. Qe2 Qc7 16. h3 Rae8 17. Bd2 Qd7 18. Rac1 g5 19. g4 h5 20. f3 hxg4 21. fxg4
Qe6 22. Rf2 c5 23. dxc5 Bxc5 24. Nd1 Bb6 25. Bb4 Rf7 26. Bc5 Rc7 27. b4 Bxc5
28. Rxc5 Rxc5 29. bxc5 Ne4 30. Rf3 Nxc5 31. Qb5 b6 32. Kg2 Rd8 33. Qb4 Qe4 34.
Qc3 Rf8 0-1

[Event "9. Lichtenberger Sommer 2010"]
[Site "Berlin"]
[Date "2010.08.15"]
[Round "9.72"]
[White "Heldt, Ronny"]
[Black "Kötz, Andreas"]
[Result "1-0"]
[WhiteElo "1611"]
[BlackElo "2039"]
[PlyCount "31"]
[EventDate "2010.??.??"]
[WhiteTeam "SC Kreuzberg e.V."]
[BlackTeam "SC Zitadelle Spandau 1977 e.V."]

1. d4 Nf6 2. c4 g6 3. Nf3 Bg7 4. g3 O-O 5. Bg2 d6 6. O-O Nbd7 7. Nc3 e5 8. e4
c6 9. h3 Re8 10. Re1 exd4 11. Nxd4 Nc5 12. f4 Qb6 13. Kh2 Ncxe4 14. Nc2 Nxc3
15. Rxe8+ Bf8 16. Qxd6 1-0

[Event "9. Lichtenberger Sommer 2010"]
[Site "Berlin"]
[Date "2010.08.15"]
[Round "9.73"]
[White "Nagel, Gerhard"]
[Black "Yilmaz, Rahmi"]
[Result "1-0"]
[WhiteElo "1975"]
[BlackElo "1556"]
[PlyCount "57"]
[EventDate "2010.??.??"]
[WhiteTeam "SC Einheit Bautzen"]
[BlackTeam "BSC Rehberge 1945 e.V."]

1. e4 c5 2. Nc3 Nc6 3. Nf3 g6 4. d4 cxd4 5. Nxd4 Bg7 6. Be3 Nf6 7. Be2 d5 8.
Bb5 Qd6 9. e5 Qxe5 10. Nxc6 bxc6 11. Bxc6+ Bd7 12. Bxa8 Ng4 13. Qxd5 Nxe3 14.
Qxe5 Nxc2+ 15. Kd2 Bxe5 16. Kxc2 O-O 17. Be4 Rc8 18. g3 Ba4+ 19. Kd2 Rd8+ 20.
Ke2 Bxc3 21. bxc3 e6 22. Rab1 a6 23. Rb4 Be8 24. Rhb1 f5 25. Rb8 Rxb8 26. Rxb8
Kf7 27. Bd3 a5 28. Bb5 Bxb5+ 29. Rxb5 1-0

[Event "9. Lichtenberger Sommer 2010"]
[Site "Berlin"]
[Date "2010.08.15"]
[Round "9.74"]
[White "Wasem, Ralph"]
[Black "Mühlhan, Klaus"]
[Result "1-0"]
[WhiteElo "2106"]
[BlackElo "1932"]
[PlyCount "75"]
[EventDate "2010.??.??"]
[WhiteTeam "SK Landau"]
[BlackTeam "SC Empor Potsdam 1952 e.V."]

1. d4 Nf6 2. Bg5 c5 3. d5 Qb6 4. Bxf6 Qxf6 5. Nc3 g6 6. Nf3 Bg7 7. e4 d6 8. Be2
Nd7 9. Qd2 a6 10. h4 h5 11. a4 Bh6 12. Qd3 Ne5 13. Nxe5 Qxe5 14. g3 f5 15. f4
Qf6 16. Bf3 Bd7 17. Qe2 O-O 18. e5 dxe5 19. fxe5 Qb6 20. Rb1 Rac8 21. Qc4 Qb4
22. Qe2 b5 23. O-O f4 24. e6 Be8 25. d6 Qd4+ 26. Kg2 Qxd6 27. Rbd1 Qb8 28. Nd5
Qa7 29. gxf4 Bxf4 30. Be4 Bh6 31. Rxf8+ Bxf8 32. Qe3 Qb8 33. Qg5 Qd6 34. Bxg6
Bxg6 35. Qxg6+ Kh8 36. Qxh5+ Kg7 37. Rd3 Kg8 38. Nf6+ 1-0

[Event "9. Lichtenberger Sommer 2010"]
[Site "Berlin"]
[Date "2010.08.15"]
[Round "9.75"]
[White "Fleischmann, Torsten"]
[Black "Mako, Attila"]
[Result "1-0"]
[WhiteElo "1888"]
[BlackElo "1747"]
[PlyCount "87"]
[EventDate "2010.??.??"]
[WhiteTeam "Treptower SV 1949 e.V."]
[BlackTeam "BSC Rehberge 1945 e.V."]

1. d4 d5 2. c4 c6 3. Nc3 Bf5 4. cxd5 cxd5 5. Qb3 Nf6 6. Qxb7 Nbd7 7. e3 e6 8.
Bb5 Bb4 9. Nge2 Rb8 10. Bxd7+ Nxd7 11. Qxa7 O-O 12. Qa4 Bd3 13. Qd1 Bg6 14. O-O
Bd6 15. Ng3 f5 16. f4 Qh4 17. b3 Nf6 18. Qe1 Bb4 19. Bd2 Rbc8 20. Nge2 Qh6 21.
a3 Bd6 22. Nb5 Be7 23. Rc1 Bh5 24. Ng3 Ng4 25. h3 Nf6 26. a4 Bg4 27. Kh2 Rxc1
28. Qxc1 Qh4 29. Be1 Qh6 30. Bf2 Rf7 31. Qc8+ Bf8 32. a5 g5 33. Bg1 Bxh3 34.
fxg5 Ng4+ 35. Kh1 Qh4 36. Rf3 Nf2+ 37. Bxf2 Bg4+ 38. Kg1 Bxf3 39. gxf3 f4 40.
Ne4 Qh3 41. Nf6+ Kg7 42. exf4 Qxf3 43. Qxe6 Qxf4 44. Nh5+ 1-0

[Event "9. Lichtenberger Sommer 2010"]
[Site "Berlin"]
[Date "2010.08.15"]
[Round "9.76"]
[White "Möller, Dirk"]
[Black "Popp, Maximilian"]
[Result "1/2-1/2"]
[WhiteElo "1621"]
[BlackElo "1705"]
[PlyCount "132"]
[EventDate "2010.??.??"]
[WhiteTeam "SC Kreuzberg e.V."]
[BlackTeam "Spvgg 1946 e.V. Stetten"]

1. e4 e6 2. d4 d5 3. Nc3 Bb4 4. a3 Bxc3+ 5. bxc3 c5 6. e5 Ne7 7. Nf3 Nbc6 8.
Be2 O-O 9. O-O Qb6 10. Bd3 Ng6 11. a4 c4 12. Be2 f6 13. Ba3 Rf7 14. Bd6 Rd7 15.
Qd2 Qd8 16. h4 fxe5 17. h5 Nf4 18. dxe5 Rf7 19. Bd1 g6 20. h6 g5 21. Nh2 Ng6
22. Bh5 Rf5 23. Bxg6 hxg6 24. Ng4 Kh7 25. Qe3 Qd7 26. Qg3 Qf7 27. f3 Ne7 28.
Kf2 Bd7 29. Rh1 Bc6 30. a5 Rf8 31. Nf6+ Rxf6 32. exf6 Nf5 33. Qh2 Nxd6 34. Qxd6
Qxf6 35. Rae1 Re8 36. a6 Re7 37. axb7 Bxb7 38. Qe5 Qf5 39. Qxf5 gxf5 40. Ra1
Bc8 41. Rab1 e5 42. Rb8 Be6 43. Rbb1 Bf7 44. g3 e4 45. fxe4 dxe4 46. Ke3 Bg6
47. Rb5 Rf7 48. Kd4 Rd7+ 49. Kxc4 f4 50. Rxg5 f3 51. Re5 Rf7 52. Kd4 Bf5 53.
Ke3 Bh3 54. Kf2 Bg2 55. Rh4 Rd7 56. Rexe4 Rd2+ 57. Ke3 Re2+ 58. Kd3 Rxe4 59.
Rxe4 f2 60. Rf4 f1=Q+ 61. Rxf1 Bxf1+ 62. Kd4 Kxh6 63. c4 Kg5 64. Kc5 a5 65. Kb5
Kg4 66. Kxa5 Bxc4 1/2-1/2

[Event "9. Lichtenberger Sommer 2010"]
[Site "Berlin"]
[Date "2010.08.15"]
[Round "9.77"]
[White "Enis, Arpaci"]
[Black "Lachmann, Daniel"]
[Result "0-1"]
[WhiteElo "1400"]
[BlackElo "1756"]
[PlyCount "162"]
[EventDate "2010.??.??"]
[WhiteTeam "vereinslos"]
[BlackTeam "SV Empor Berlin e.V."]

1. g3 g6 2. Bg2 Bg7 3. d4 d5 4. Nc3 c6 5. Nf3 Nf6 6. Be3 O-O 7. Qd2 Bf5 8.
O-O-O Ne4 9. Nxe4 Bxe4 10. Bh6 Nd7 11. h4 c5 12. dxc5 Rc8 13. Bh3 Rxc5 14. c3
Qa5 15. Bxg7 Qxa2 16. Qd4 Rc4 17. Qe3 Qa4 18. Kd2 Kxg7 19. Ke1 Nf6 20. Rg1 Bxf3
21. Qxf3 Rd8 22. Qd3 d4 23. Qb1 Qa5 24. Qd3 Rc7 25. Kf1 e6 26. cxd4 Qb4 27. Kg2
Qxb2 28. e3 Qc2 29. Qa3 Ne4 30. Rdf1 Rc3 31. Qa1 Kg8 32. Kh2 Rxe3 33. Rg2 Re2
34. Rc1 Qb2 35. f3 Qxa1 36. Rxa1 Rxg2+ 37. Bxg2 Nf6 38. Rxa7 Rb8 39. f4 b5 40.
Ra1 b4 41. Rb1 b3 42. Rb2 Kf8 43. Kh3 h5 44. Bc6 Rb4 45. Bf3 Nd5 46. Kg2 Ne3+
47. Kf2 Nf5 48. d5 Nd4 49. Bg2 Rc4 50. Ke1 Rc3 51. dxe6 fxe6 52. Be4 Re3+ 53.
Kd2 Rxe4 54. Kd3 Re2 55. Rb1 Rg2 56. Kxd4 Rxg3 57. Ke5 Kf7 58. Rb2 Rh3 59. Rb1
Rc3 60. Rb2 Rc5+ 61. Ke4 Kf6 62. Rxb3 Rc1 63. Kf3 Rg1 64. Rb5 Rg4 65. Rg5 Rxg5
66. hxg5+ Kf5 67. Kg3 h4+ 68. Kf3 h3 69. Kg3 h2 70. Kxh2 Kxf4 71. Kh3 Kxg5 72.
Kg3 e5 73. Kf3 Kf5 74. Ke3 g5 75. Kf3 e4+ 76. Kf2 Kf4 77. Kg1 Kf3 78. Kf1 e3
79. Kg1 e2 80. Kh2 g4 81. Kh1 e1=Q+ 0-1

[Event "9. Lichtenberger Sommer 2010"]
[Site "Berlin"]
[Date "2010.08.15"]
[Round "9.78"]
[White "Lange, Rudolf"]
[Black "Bensch, Wolfgang"]
[Result "1-0"]
[WhiteElo "1790"]
[BlackElo "1694"]
[PlyCount "59"]
[EventDate "2010.??.??"]
[WhiteTeam "SG Narva Berlin e.V."]
[BlackTeam "SC Eintracht Berlin e.V."]

1. e4 e6 2. b3 Be7 3. Bb2 Bf6 4. e5 Be7 5. Nf3 b6 6. g3 Bb7 7. Bg2 f6 8. O-O
fxe5 9. Nxe5 Nf6 10. Bxb7 Na6 11. Bxa6 O-O 12. Nc3 Rb8 13. Qe2 c6 14. Rfe1 b5
15. Nxc6 dxc6 16. Qxe6+ Rf7 17. a4 b4 18. Bc4 Qe8 19. Qxf7+ Qxf7 20. Bxf7+ Kxf7
21. Ne4 Nd5 22. Bd4 a5 23. Bc5 Bd8 24. Nd6+ Kg6 25. Re6+ Bf6 26. Rae1 h6 27.
Bd4 Rf8 28. Bxf6 Nxf6 29. Ne4 Kh7 30. Nxf6+ 1-0

[Event "9. Lichtenberger Sommer 2010"]
[Site "Berlin"]
[Date "2010.08.15"]
[Round "9.79"]
[White "Bandsom, Olaf"]
[Black "Kornijenko, Alexander"]
[Result "1-0"]
[WhiteElo "1779"]
[BlackElo "1366"]
[PlyCount "49"]
[EventDate "2010.??.??"]
[WhiteTeam "SC Friesen Lichtenberg e.V."]
[BlackTeam "vereinslos"]

1. e4 e5 2. Nf3 Nc6 3. Bc4 Nf6 4. Ng5 d5 5. exd5 Na5 6. Bb5+ c6 7. dxc6 bxc6 8.
Qf3 Qb6 9. Be2 Bc5 10. h3 h6 11. Nxf7 Kxf7 12. c3 Bd6 13. O-O e4 14. Qe3 Qxe3
15. fxe3 Be6 16. b4 Nc4 17. Na3 Nxa3 18. Bxa3 Rhd8 19. Bb2 Bxb4 20. cxb4 Rxd2
21. Bh5+ g6 22. Bxg6+ Kg7 23. Rxf6 Rxb2 24. Rxe6 Rxb4 25. Bxe4 1-0

[Event "9. Lichtenberger Sommer 2010"]
[Site "Berlin"]
[Date "2010.08.15"]
[Round "9.80"]
[White "Laurin, Dirk"]
[Black "Mohr, Horst"]
[Result "1/2-1/2"]
[WhiteElo "1339"]
[BlackElo "1798"]
[PlyCount "114"]
[EventDate "2010.??.??"]
[WhiteTeam "SG Narva Berlin e.V."]
[BlackTeam "SC Caissa Falkensee e.V."]

1. e4 c6 2. Bc4 d5 3. exd5 cxd5 4. Bb5+ Nc6 5. d4 a6 6. Be2 Qc7 7. Nc3 Nf6 8.
Nf3 Bf5 9. a3 e6 10. Nh4 Bg6 11. Nxg6 hxg6 12. h3 Bd6 13. Bf3 Rc8 14. Be3 b5
15. Ne2 Na5 16. c3 Nc4 17. Bc1 O-O 18. Rb1 Nd7 19. g3 Rfe8 20. O-O Nf6 21. Bf4
Qd7 22. Bxd6 Nxd6 23. Kg2 Nfe4 24. h4 a5 25. Qc1 b4 26. Bxe4 Nxe4 27. f3 Nd6
28. Qd2 Nc4 29. Qd3 bxa3 30. bxa3 Nxa3 31. Rb3 Qd6 32. Ra1 Nc4 33. Rh1 f5 34.
Nf4 Kf7 35. h5 gxh5 36. Nxh5 g6 37. Nf4 Rh8 38. Rxh8 Rxh8 39. Nh3 Rb8 40. Ng5+
Ke7 41. Rxb8 Qxb8 42. g4 Qb2+ 43. Kg3 Qd2 44. Qb1 Qxg5 45. Qb7+ Ke8 46. Qb8+
Qd8 47. Qb5+ Ke7 48. g5 Qc7+ 49. f4 Qb6 50. Qa4 Nd6 51. Qa1 Ne4+ 52. Kh4 Qb5
53. c4 dxc4 54. d5 c3 55. d6+ Kxd6 56. Qd1+ Qd5 57. Qd3 Qxd3 1/2-1/2

[Event "9. Lichtenberger Sommer 2010"]
[Site "Berlin"]
[Date "2010.08.15"]
[Round "9.81"]
[White "Kammler, Hans-Joachim"]
[Black "Engelhardt, Erhard"]
[Result "0-1"]
[WhiteElo "1292"]
[BlackElo "1799"]
[PlyCount "56"]
[EventDate "2010.??.??"]
[WhiteTeam "SG Eckturm"]
[BlackTeam "SSV Rotation Berlin e.V."]

1. e4 e6 2. d4 d5 3. Nd2 Nf6 4. Bd3 c5 5. e5 Nfd7 6. c3 Nc6 7. Ne2 cxd4 8. cxd4
Qb6 9. Nb3 Bb4+ 10. Bd2 f6 11. f4 fxe5 12. O-O e4 13. Bxb4 Nxb4 14. Bc2 O-O 15.
a3 Nc6 16. Nc3 Nf6 17. Na4 Qd8 18. Rc1 Bd7 19. Nac5 b6 20. Nxd7 Qxd7 21. Bb1
Rac8 22. Rc3 Rc7 23. Qe2 Rfc8 24. Rfc1 Ne8 25. Qh5 Nd6 26. Rh3 g6 27. Qg4 Nf5
28. Rd1 Qg7 0-1

[Event "9. Lichtenberger Sommer 2010"]
[Site "Berlin"]
[Date "2010.08.15"]
[Round "9.82"]
[White "Koppitz, Sebastian"]
[Black "Prix, Siegfried"]
[Result "0-1"]
[WhiteElo "1059"]
[BlackElo "1781"]
[PlyCount "70"]
[EventDate "2010.??.??"]
[WhiteTeam "TSG Rot-Weiß Fredersdorf/Vogelsd"]
[BlackTeam "Sfrd. Berlin 1903 e.V."]

1. e4 d5 2. exd5 Qxd5 3. Nf3 Nf6 4. Nc3 Qa5 5. d4 Bg4 6. h3 Bh5 7. Qd3 c6 8.
Be2 Bg6 9. Qd2 Nbd7 10. Bd3 e6 11. Bxg6 hxg6 12. O-O Bd6 13. Ne4 Qc7 14. Nxd6+
Qxd6 15. Re1 O-O-O 16. Ne5 Nxe5 17. Rxe5 Qxd4 18. Qxd4 Rxd4 19. Be3 Ra4 20. b3
Ra3 21. Bc1 Ra6 22. a4 Rd8 23. Bg5 Rd5 24. Bxf6 gxf6 25. Rxd5 cxd5 26. Rd1 Rc6
27. Rd2 Rc3 28. Kf1 Kd7 29. Ke1 Kd6 30. Kd1 e5 31. Rd3 Rxd3+ 32. cxd3 Kc5 33.
f3 a5 34. Kd2 Kd4 35. h4 e4 0-1

[Event "9. Lichtenberger Sommer 2010"]
[Site "Berlin"]
[Date "2010.08.15"]
[Round "9.83"]
[White "Hempel-Morgenstern, Markus"]
[Black "Petersen, Moritz"]
[Result "1/2-1/2"]
[WhiteElo "1564"]
[BlackElo "1287"]
[PlyCount "53"]
[EventDate "2010.??.??"]
[WhiteTeam "SG Weißensee 49 e.V."]
[BlackTeam "KSC Strausberg Abt. Schach"]

1. f4 d5 2. e3 Nf6 3. b3 Bf5 4. Nf3 Nbd7 5. Bb2 e6 6. Be2 Bd6 7. O-O Rg8 8. Ne5
h6 9. d3 c6 10. g4 Bg6 11. Nxg6 fxg6 12. Nd2 Qc7 13. Qe1 O-O-O 14. Qf2 e5 15.
c4 exf4 16. exf4 dxc4 17. dxc4 g5 18. f5 Ne5 19. h3 b6 20. Qg2 Bc5+ 21. Kh1
Rxd2 22. Bc3 Rd7 23. Bxe5 Qxe5 24. Qxc6+ Qc7 25. Qa8+ Qb8 26. Qc6+ Rc7 27. Qe6+
1/2-1/2

[Event "9. Lichtenberger Sommer 2010"]
[Site "Berlin"]
[Date "2010.08.15"]
[Round "9.84"]
[White "Ollek, Karl-Heinz"]
[Black "Reichert, Lutz"]
[Result "1/2-1/2"]
[WhiteElo "1838"]
[BlackElo "1778"]
[PlyCount "69"]
[EventDate "2010.??.??"]
[WhiteTeam "SC Friesen Lichtenberg e.V."]
[BlackTeam "Schwarz-Weiß Neukölln e.V."]

1. Nf3 d6 2. d4 Nf6 3. c4 g6 4. Nc3 Bg7 5. e4 O-O 6. Be2 c6 7. O-O Bg4 8. Be3
Bxf3 9. Bxf3 Nbd7 10. b4 Qc7 11. Rc1 a6 12. c5 dxc5 13. bxc5 Rfd8 14. g3 Nxc5
15. Bf4 Qc8 16. Qe2 Ne6 17. d5 Nxf4 18. gxf4 Qb8 19. e5 Nxd5 20. Nxd5 cxd5 21.
Rcd1 e6 22. h4 Qc7 23. Kh2 Qe7 24. Kh3 f6 25. exf6 Qxf6 26. Bg4 Rd6 27. Rfe1
Re8 28. Qe5 Qxe5 29. fxe5 Rc6 30. Rc1 Rxc1 31. Rxc1 Bxe5 32. Re1 Bb8 33. Rxe6
Kf7 34. Rxe8 Kxe8 35. Bc8 1/2-1/2

[Event "9. Lichtenberger Sommer 2010"]
[Site "Berlin"]
[Date "2010.08.15"]
[Round "9.86"]
[White "Radßat, Rene"]
[Black "Bauer, Stefan"]
[Result "1-0"]
[WhiteElo "1600"]
[BlackElo "1684"]
[PlyCount "59"]
[EventDate "2010.??.??"]
[WhiteTeam "SV Bad Schwartau von 1930"]
[BlackTeam "SC Kreuzberg e.V."]

1. e4 c5 2. b3 Nc6 3. Bb2 e5 4. d3 Nf6 5. g3 d6 6. Bg2 Be7 7. Ne2 Bg4 8. h3 Bd7
9. O-O Qc8 10. Kh2 h5 11. Nd2 g5 12. c3 Qc7 13. Qc2 O-O-O 14. Rac1 Kb8 15. d4
Bf8 16. b4 exd4 17. cxd4 Nxb4 18. Qc4 Be7 19. dxc5 dxc5 20. Nb3 Be6 21. Qb5 h4
22. Nxc5 hxg3+ 23. fxg3 Ng4+ 24. Kg1 Bxc5+ 25. Rxc5 Qb6 26. Bxh8 Ne3 27. Be5+
Ka8 28. Rb1 Qxb5 29. Rxb5 Nd3 30. Bc7 1-0

[Event "9. Lichtenberger Sommer 2010"]
[Site "Berlin"]
[Date "2010.08.15"]
[Round "9.87"]
[White "Mitschke, Ullrich"]
[Black "Kasper, Peter"]
[Result "0-1"]
[WhiteElo "1429"]
[BlackElo "1846"]
[PlyCount "38"]
[EventDate "2010.??.??"]
[WhiteTeam "Queer-Springer SSV Berlin"]
[BlackTeam "SG Eckturm"]

1. c4 e6 2. g3 d5 3. Bg2 c6 4. Qc2 Nf6 5. Nf3 Nbd7 6. b3 Bd6 7. Bb2 Qe7 8. d3
Rb8 9. d4 O-O 10. Ne5 dxc4 11. Nxc4 Bb4+ 12. Nbd2 c5 13. a3 Bxd2+ 14. Qxd2 Rd8
15. Qa5 a6 16. dxc5 Nxc5 17. Qb4 Nd5 18. Bxd5 exd5 19. Na5 Nd3+ 0-1

[Event "9. Lichtenberger Sommer 2010"]
[Site "Berlin"]
[Date "2010.08.15"]
[Round "9.89"]
[White "Schmitt, Jens-Ole"]
[Black "Schneider, Eckehard"]
[Result "0-1"]
[WhiteElo "1339"]
[BlackElo "1762"]
[PlyCount "60"]
[EventDate "2010.??.??"]
[WhiteTeam "SG Narva Berlin e.V."]
[BlackTeam "Sfrd. Berlin 1903 e.V."]

1. e4 e6 2. d4 d5 3. e5 c5 4. c3 Nc6 5. Nf3 Qb6 6. Bd3 Bd7 7. dxc5 Bxc5 8. O-O
a5 9. Qd2 Nge7 10. Qg5 Ng6 11. h4 h6 12. Qg3 O-O-O 13. b3 Qc7 14. Bxg6 fxg6 15.
Ba3 Bxa3 16. Nxa3 Ne7 17. Nd4 Kb8 18. Nab5 Qb6 19. Nd6 Rhf8 20. a4 Nf5 21.
N6xf5 gxf5 22. Qxg7 Rg8 23. Qxh6 Rg3 24. Kh2 Rxc3 25. b4 axb4 26. a5 Qxd4 27.
Qf6 Rg8 28. f4 Qd2 29. Qg5 Rxg5 30. hxg5 Rc2 0-1

[Event "9. Lichtenberger Sommer 2010"]
[Site "Berlin"]
[Date "2010.08.15"]
[Round "9.90"]
[White "Scheck, Gero"]
[Black "Schild, Reinhard"]
[Result "1/2-1/2"]
[WhiteElo "1267"]
[BlackElo "1696"]
[PlyCount "102"]
[EventDate "2010.??.??"]
[WhiteTeam "TSG Oberschöneweide e.V."]
[BlackTeam "SG Weißensee 49 e.V."]

1. Nc3 d5 2. d4 c6 3. Nf3 Nf6 4. g3 Nbd7 5. Bg2 e6 6. Bf4 c5 7. O-O a6 8. Re1
b5 9. e3 c4 10. a3 Bb7 11. Ne2 a5 12. c3 Qb6 13. b4 cxb3 14. Qxb3 a4 15. Qb2
Rc8 16. Reb1 Ba6 17. Bf1 Ne4 18. Nd2 Nd6 19. Nc1 Nc4 20. Nxc4 dxc4 21. Na2 f6
22. e4 Be7 23. Bg2 O-O 24. Nb4 Bxb4 25. Qxb4 e5 26. dxe5 Nxe5 27. Bf1 Nc6 28.
Bxc4+ Kh8 29. Qb2 Nd4 30. cxd4 Rxc4 31. d5 Rfc8 32. Rc1 Qa5 33. Rxc4 Rxc4 34.
e5 Re4 35. exf6 Re1+ 36. Rxe1 Qxe1+ 37. Kg2 Qe4+ 38. f3 Qxd5 39. Qe5 Qxe5 40.
Bxe5 gxf6 41. Bxf6+ Kg8 42. Bc3 Bb7 43. g4 Kf7 44. Kg3 Kg6 45. f4 Be4 46. f5+
Kf7 47. Kf4 Bd3 48. h4 Be2 49. g5 Bh5 50. Ke5 Be2 51. Kd5 Bd3 1/2-1/2

[Event "9. Lichtenberger Sommer 2010"]
[Site "Berlin"]
[Date "2010.08.15"]
[Round "9.91"]
[White "Paris, Gerhard"]
[Black "Nopp, Josef"]
[Result "1/2-1/2"]
[WhiteElo "1654"]
[BlackElo "1775"]
[PlyCount "92"]
[EventDate "2010.??.??"]
[WhiteTeam "TSG Oberschöneweide e.V."]
[BlackTeam "SV Urfahr"]

1. e4 c5 2. Nc3 d6 3. g3 Nf6 4. Bg2 e5 5. Nge2 Be7 6. d3 O-O 7. O-O Nc6 8. Bg5
Ne8 9. Bxe7 Nxe7 10. Kh1 Bd7 11. f4 Qc8 12. f5 Nf6 13. Bh3 b5 14. g4 b4 15. Nb1
d5 16. Ng3 dxe4 17. dxe4 Bc6 18. Qe2 Qb7 19. Nd2 Rad8 20. g5 Ne8 21. f6 gxf6
22. gxf6 Ng6 23. Bg2 Rd6 24. Nh5 Bd7 25. Nc4 Rd4 26. Rad1 Bb5 27. Rxd4 cxd4 28.
b3 Qa6 29. Qg4 Bxc4 30. bxc4 Qxc4 31. h4 Kh8 32. Ng7 Nxf6 33. Rxf6 Kxg7 34. Rf5
Kh8 35. Qg5 Qe6 36. Rf6 Qxa2 37. h5 Nf4 38. Rxf4 f6 39. Rxf6 Rxf6 40. Qxf6+ Kg8
41. Qg5+ Kf8 42. Qd8+ Kg7 43. Qg5+ Kf8 44. Qd8+ Kg7 45. Qg5+ Kf8 46. Qd8+ Kg7
1/2-1/2

[Event "9. Lichtenberger Sommer 2010"]
[Site "Berlin"]
[Date "2010.08.15"]
[Round "9.93"]
[White "Trotzke, Johannes"]
[Black "Winz, Michael"]
[Result "1/2-1/2"]
[WhiteElo "1234"]
[BlackElo "1697"]
[PlyCount "79"]
[EventDate "2010.??.??"]
[WhiteTeam "KSC Strausberg Abt. Schach"]
[BlackTeam "SC Friesen Lichtenberg e.V."]

1. e4 e5 2. Nf3 Nc6 3. d4 exd4 4. Nxd4 Nxd4 5. Qxd4 d6 6. Bc4 Qf6 7. Be3 Be7 8.
Nc3 Qxd4 9. Bxd4 Bf6 10. Rd1 Bd7 11. Nd5 Rc8 12. O-O Bxd4 13. Rxd4 Be6 14. Re1
Ne7 15. Nxe7 Kxe7 16. Bxe6 fxe6 17. e5 d5 18. f4 Rhf8 19. g3 h5 20. Kg2 c5 21.
Ra4 a6 22. Kh3 Rc6 23. Kh4 b5 24. Ra3 b4 25. Rf3 a5 26. Re2 Rf5 27. Kh3 c4 28.
Kg2 Rf8 29. Kf1 Rcc8 30. Ke1 g5 31. Rg2 a4 32. Kd1 Rcd8 33. c3 b3 34. a3 d4 35.
cxd4 Rxd4+ 36. Rd2 Rxd2+ 37. Kxd2 g4 38. Rc3 Rd8+ 39. Ke2 Rc8 40. Ke3 1/2-1/2

[Event "9. Lichtenberger Sommer 2010"]
[Site "Berlin"]
[Date "2010.08.15"]
[Round "9.94"]
[White "Westphal, Julian"]
[Black "Schacht, Thomas"]
[Result "1/2-1/2"]
[WhiteElo "1698"]
[BlackElo "1699"]
[PlyCount "106"]
[EventDate "2010.??.??"]
[WhiteTeam "TSG Oberschöneweide e.V."]
[BlackTeam "BSV 63 Chemie Weißensee"]

1. d4 d5 2. c4 dxc4 3. Nf3 Nf6 4. e3 c5 5. Bxc4 e6 6. Nc3 a6 7. O-O b5 8. Bb3
cxd4 9. Nxd4 Bd6 10. Qf3 Ra7 11. Rd1 Qc7 12. h3 Bb7 13. Qe2 O-O 14. Ndxb5 axb5
15. Nxb5 Qc6 16. f3 Ba6 17. Rxd6 Qxb5 18. Qxb5 Bxb5 19. Bd2 Rc8 20. Bc3 Nfd7
21. Rad1 h6 22. a3 Na6 23. Bc2 Nac5 24. Kf2 Nf8 25. Rd8 Rxd8 26. Rxd8 Rd7 27.
Rc8 Nb7 28. Rb8 Bc6 29. Rc8 Bd5 30. e4 Ba2 31. Bb4 Rd8 32. Rxd8 Nxd8 33. b3 e5
34. Ke2 Nc6 35. Kd2 Nd4 36. Kc3 Nfe6 37. Bd1 Nf4 38. Kb2 Bxb3 39. Bxb3 Nxg2 40.
a4 Nc6 41. Bc3 Nf4 42. Bd5 Na7 43. Bxe5 Nd3+ 44. Kb3 Nxe5 45. f4 Nd3 46. f5 Nf4
47. Kb4 Nxh3 48. Ka5 Nc8 49. Ka6 Nf4 50. Kb7 Nd6+ 51. Kc6 Nc8 52. Kb7 Nd6+ 53.
Kc6 Nc8 1/2-1/2

[Event "9. Lichtenberger Sommer 2010"]
[Site "Berlin"]
[Date "2010.08.15"]
[Round "9.95"]
[White "Kaufmann, Mathias"]
[Black "Junghänel, Dieter"]
[Result "0-1"]
[WhiteElo "1569"]
[BlackElo "1714"]
[PlyCount "78"]
[EventDate "2010.??.??"]
[WhiteTeam "vereinslos"]
[BlackTeam "SV Motor Wildau e.V."]

1. e4 e6 2. b3 b6 3. Bb2 Bb7 4. d3 c5 5. c4 Nc6 6. Nf3 f6 7. Be2 Bd6 8. Nbd2 e5
9. Nh4 Nge7 10. Bh5+ g6 11. Be2 Qc7 12. Nhf3 O-O-O 13. Qc2 h6 14. O-O-O f5 15.
h4 Rdf8 16. g3 Nb4 17. Qb1 a5 18. a3 Na6 19. Rdf1 Bc6 20. Qa1 fxe4 21. dxe4
Rxf3 22. Bxf3 a4 23. Bd1 axb3 24. Bxb3 Kb7 25. Rhg1 Ra8 26. Qb1 b5 27. f3 Nc8
28. Ba2 Ka7 29. Rd1 b4 30. Qd3 Qb6 31. Qb1 Rb8 32. Bb3 Rb7 33. Qa2 Kb8 34. Kc2
Ra7 35. Ra1 bxa3 36. Bc3 Nb4+ 37. Bxb4 cxb4 38. Kc1 Qxg1+ 39. Kc2 Qxg3 0-1